SCHOOLS NIGHTMARES (Record no. 56268)

000 -LEADER
fixed length control field 00461nam a22001817a 4500
003 - CONTROL NUMBER IDENTIFIER
control field MPLRDC
005 - DATE AND TIME OF LATEST TRANSACTION
control field 20220104163039.0
008 - FIXED-LENGTH DATA ELEMENTS--GENERAL INFORMATION
fixed length control field 210129b ||||| |||| 00| 0 eng d
020 ## - INTERNATIONAL STANDARD BOOK NUMBER
International Standard Book Number 981-221-027-X
082 ## - DEWEY DECIMAL CLASSIFICATION NUMBER
Classification number 857.57 PUG-3
100 ## - MAIN ENTRY--PERSONAL NAME
Personal name PUGALENTHI SR
245 ## - TITLE STATEMENT
Title SCHOOLS NIGHTMARES
Statement of responsibility, etc.
250 ## - EDITION STATEMENT
Edition statement REVISED EDITION
260 ## - PUBLICATION, DISTRIBUTION, ETC.
Place of publication, distribution, etc. SINGAPORE
Name of publisher, distributor, etc. VJ TIMES INTERNATIONAL PTE LTD
Date of publication, distribution, etc. 1999
300 ## - PHYSICAL DESCRIPTION
Other physical details 142
650 ## - SUBJECT ADDED ENTRY--TOPICAL TERM
Topical term or geographic name entry element SHORT STORY
942 ## - ADDED ENTRY ELEMENTS (KOHA)
Koha item type Book
-- 857.57 PUG-3
Holdings
Withdrawn status Lost status Source of classification or shelving scheme Damaged status Not for loan Collection code Home library Current library Shelving location Date acquired Cost, normal purchase price Total Checkouts Full call number Barcode Date last seen Date last checked out Price effective from Koha item type Public note
            Malaysian Public Library, Research and Development Centre Malaysian Public Library, Research and Development Centre   10/12/2007 13.90   857.57 PUG-3 E0000332 18/03/2021 19/06/2012 18/03/2021 Book mplrdc

© 2022. Malaysian Public Library, Research and Development Centre. All Right ReservedE-mailmplrdc@help.edu.my 

Powered by Koha